LEADER 03844nam 22007575 450 001 9910298977803321 005 20251226202807.0 010 $a3-662-45924-8 024 7 $a10.1007/978-3-662-45924-9 035 $a(CKB)3710000000306326 035 $a(SSID)ssj0001386074 035 $a(PQKBManifestationID)11814629 035 $a(PQKBTitleCode)TC0001386074 035 $a(PQKBWorkID)11348763 035 $a(PQKB)10837208 035 $a(DE-He213)978-3-662-45924-9 035 $a(MiAaPQ)EBC5578455 035 $a(PPN)183097491 035 $a(EXLCZ)993710000000306326 100 $a20141126d2014 u| 0 101 0 $aeng 135 $aurnn|008mamaa 181 $ctxt 182 $cc 183 $acr 200 10$aNatural Language Processing and Chinese Computing $eThird CCF Conference, NLPCC 2014, Shenzhen, China, December 5-9, 2014. Proceedings /$fedited by Chengqing Zong, Jian-Yun Nie, Dongyan Zhao, Yansong Feng 205 $a1st ed. 2014. 210 1$aBerlin, Heidelberg :$cSpringer Berlin Heidelberg :$cImprint: Springer,$d2014. 215 $a1 online resource (XVIII, 474 p. 112 illus.) 225 1 $aCommunications in Computer and Information Science,$x1865-0937 ;$v496 300 $aBibliographic Level Mode of Issuance: Monograph 311 08$a3-662-45923-X 320 $aIncludes bibliographic references and index. 327 $aFundamentals on language computing -- Applications on language computing -- Machine translation and multi-lingual information access -- Machine learning for NLP -- NLP for social media -- NLP for search technology and ads -- Question answering and user interaction -- Web mining and information extraction. 330 $aThis book constitutes the refereed proceedings of the Third CCF Conference, NLPCC 2014, held in Shenzhen, China, in December 2014. The 35 revised full papers presented together with 8 short papers were carefully reviewed and selected from 110 English submissions. The papers are organized in topical sections on fundamentals on language computing; applications on language computing; machine translation and multi-lingual information access; machine learning for NLP; NLP for social media; NLP for search technology and ads; question answering and user interaction; web mining and information extraction. 410 0$aCommunications in Computer and Information Science,$x1865-0937 ;$v496 606 $aNatural language processing (Computer science) 606 $aUser interfaces (Computer systems) 606 $aHuman-computer interaction 606 $aMultimedia systems 606 $aApplication software 606 $aNatural Language Processing (NLP) 606 $aUser Interfaces and Human Computer Interaction 606 $aMultimedia Information Systems 606 $aComputer and Information Systems Applications 615 0$aNatural language processing (Computer science) 615 0$aUser interfaces (Computer systems) 615 0$aHuman-computer interaction. 615 0$aMultimedia systems. 615 0$aApplication software. 615 14$aNatural Language Processing (NLP). 615 24$aUser Interfaces and Human Computer Interaction. 615 24$aMultimedia Information Systems. 615 24$aComputer and Information Systems Applications. 676 $a006.35 702 $aZong$b Chengqing$4edt$4http://id.loc.gov/vocabulary/relators/edt 702 $aNie$b Jian-Yun$4edt$4http://id.loc.gov/vocabulary/relators/edt 702 $aZhao$b Dongyan$4edt$4http://id.loc.gov/vocabulary/relators/edt 702 $aFeng$b Yansong$4edt$4http://id.loc.gov/vocabulary/relators/edt 801 0$bMiAaPQ 801 1$bMiAaPQ 801 2$bMiAaPQ 906 $aBOOK 912 $a9910298977803321 996 $aNatural Language Processing and Chinese Computing$91912515 997 $aUNINA